Han Yeh Such Hai (Record no. 586297)

000 -LEADER
fixed length control field 00366nam a22001217a 4500
020 ## - INTERNATIONAL STANDARD BOOK NUMBER
International Standard Book Number 0000000485944
040 ## - CATALOGING SOURCE
Transcribing agency NUST
082 ## - DEWEY DECIMAL CLASSIFICATION NUMBER
Classification number 351.95491
Author Mark MUH
100 ## - MAIN ENTRY--PERSONAL NAME
Personal name Muhammad Aslam Ghuman
9 (RLIN) 81935
245 ## - TITLE STATEMENT
Title Han Yeh Such Hai
Remainder of title Sarkari Corruption Ki Chasham Kusha Kahaniyan Mushahidat Waqiat Tajurbat
260 ## - PUBLICATION, DISTRIBUTION, ETC.
Place of publication, distribution, etc. Lahore:
Name of publisher, distributor, etc. Sagar Publishers,
Date of publication, distribution, etc. 2016.
942 ## - ADDED ENTRY ELEMENTS (KOHA)
Source of classification or shelving scheme
Koha item type Book
Holdings
Withdrawn status Lost status Source of classification or shelving scheme Damaged status Not for loan Permanent Location Current Location Shelving location Date acquired Total Checkouts Full call number Barcode Date last seen Price effective from Koha item type
          College of Electrical & Mechanical Engineering (CEME) College of Electrical & Mechanical Engineering (CEME) General Stacks 08/31/2021   351.95491 MUH CEME-50640 08/31/2021 08/31/2021 Book
© 2023 Central Library, National University of Sciences and Technology. All Rights Reserved.